La insurrección de la conciencia

Salvato in:
Dettagli Bibliografici
Autore principale: Núñez Soto, Orlando
Natura: testo
Pubblicazione: Managua: Editorial Escuela de Sociología de la UCA
Tags: Aggiungi Tag
Nessun Tag, puoi essere il primo ad aggiungerne!!

MARC

LEADER 00000 a a2200000 04500
001 14842
003
040
090 |a 030100  
100 |a Núñez Soto, Orlando  
245 |a La insurrección de la conciencia  
260 |a Managua:   |b Editorial Escuela de Sociología de la UCA  
300 |a 210 p.  
999 |c 8171  |d 8171